Statistics for Countries, US States, Capitals, Elements, 100 Most Common Words: A ≈ B + C

Click here to take the quiz!

General Stats

  • This quiz has been taken 52 times
  • The average score is 16 of 24

Answer Stats

ANSWER% Correct
{Bissau}
89%
{}B{issau}
89%
Guinea-Bissau
89%
Guinea-Bissau
89%
Guinea-Bissau
89%
Guinea-Bissau
89%
{Guinea}
89%
{Guinea}
89%
{}R{ussia}
83%
{}R{ussia}
83%
{Bangui}
71%
{Bangui}
71%
Port-au-Prince
71%
Port-au-Prince
71%
{Copper}
69%
{Copper}
69%
Darmstadtium
54%
{Tir}a{na}
51%
{Au}s{tin}
49%
{Madrid}
49%
Dominican Republic
37%
{D}u{blin}
34%
{Mus}c{at}
34%
{Copernicium}
17%

Score Distribution

Percentile by Number Answered

Percent of People with Each Score

Your Score History

You have not taken this quiz